Sports Quiz

Random Sports Quiz

Heisman Trophy Winners Quiz Stats

 Plays Quiz not verified by Sporcle

Challenge
Share
Tweet
Embed
Score 0/78 Timer 10:00
0 Plays Today
Year Winner % Correct
2011Robert Griffin III
100%
2007Tim Tebow
98.1%
2005Reggie Bush
97.3%
2010Cam Newton
96.7%
2008Sam Bradford
93.1%
2004Matt Leinart
92.7%
2006Troy Smith
91.6%
2012Johnny Manziel
90.9%
2002Carson Palmer
90.8%
1941Bruce Smith
90.5%
2003Jason White
89.7%
1979Charles White
89.3%
1997Charles Woodson
87.4%
1998Ricky Williams
87.4%
1999Ron Dayne
87.4%
2009Mark Ingram
86.7%
1988Barry Sanders
84.7%
1984Doug Flutie
83.6%
2000Chris Weinke
82.1%
1985Bo Jackson
80.5%
2001Eric Crouch
80.5%
1948Doak Walker
79%
1982Herschel Walker
79%
1987Tim Brown
77.5%
1986Vinny Testaverde
77.1%
1995Eddie George
76.7%
1974Archie Griffin
76.3%
1975Archie Griffin
76.3%
1991Desmond Howard
74.4%
1990Ty Detmer
74%
1989Andre Ware
71.4%
1993Charlie Ward
69.5%
1994Rashaan Salaam
69.1%
1981Marcus Allen
68.7%
1996Danny Wuerffel
68.3%
1963Roger Staubach
66.8%
1968O.J. Simpson
66.8%
1976Tony Dorsett
61.5%
1992Gino Torretta
59.5%
Year Winner % Correct
1977Earl Campbell
54.2%
1961Ernie Davis
53.4%
1966Steve Spurrier
53.4%
1946Glenn Davis
52.7%
1980George Rogers
52.3%
1983Mike Rozier
52.3%
1978Billy Sims
46.2%
1956Paul Hornung
42.4%
1970Jim Plunkett
40.5%
1972Johnny Rodgers
39.7%
1935Jay Berwanger
32.4%
1945Doc Blanchard
29%
1955Howard Cassady
27.1%
1959Billy Cannon
25.6%
1971Pat Sullivan
25.2%
1939Nile Kinnick
24%
1967Gary Beban
22.5%
1973John Cappelletti
22.1%
1965Mike Garrett
21.8%
1938Davey O'Brien
20.2%
1940Tom Harmon
20.2%
1962Terry Baker
19.8%
1947Johnny Lujack
18.7%
1957John David Crow
18.7%
1964John Huarte
17.6%
1969Steve Owens
17.6%
1954Alan Ameche
16.4%
1943Angelo Bertelli
13.7%
1949Leon Hart
13.4%
1942Frank Sinkwich
13%
1936Larry Kelley
10.3%
1960Joe Bellino
9.9%
1952Billy Vessels
8.4%
1951Dick Kazmaier
8%
1937Clint Frank
6.9%
1944Les Horvath
6.9%
1950Vic Janowicz
6.9%
1958Pete Dawkins
6.9%
1953Johnny Lattner
6.1%

You're not logged in!

Compare scores with friends on all Sporcle quizzes.
OR
Log In

You Might Also Like...

Show Comments

Extras

Top Quizzes Today


Score Distribution

Your Account Isn't Verified!

In order to create a playlist on Sporcle, you need to verify the email address you used during registration. Go to your Sporcle Settings to finish the process.

Report this User

Report this user for behavior that violates our Community Guidelines.

Details: